Sociology: Exploring the Architecture of Everyday Life Readings (Record no. 13123)
[ view plain ]
| 000 -LEADER | |
|---|---|
| fixed length control field | 00266 a2200085 4500 |
| 020 ## - INTERNATIONAL STANDARD BOOK NUMBER | |
| International Standard Book Number | 978-1412979429 |
| 100 ## - MAIN ENTRY--PERSONAL NAME | |
| Personal name | David M. Newman (Editor), Jodi A. O'Brien |
| 245 ## - TITLE STATEMENT | |
| Title | Sociology: Exploring the Architecture of Everyday Life Readings |
| 260 ## - PUBLICATION, DISTRIBUTION, ETC. | |
| Name of publisher, distributor, etc. | Sage Publications |
| Date of publication, distribution, etc. | 2009 |
| Withdrawn status | Lost status | Source of classification or shelving scheme | Damaged status | Not for loan | Permanent Location | Current Location | Date acquired | Source of acquisition | Cost, normal purchase price | Full call number | Barcode | Date last seen | Cost, replacement price | Price effective from | Koha item type | Public note |
|---|---|---|---|---|---|---|---|---|---|---|---|---|---|---|---|---|
| BMS College of Architecture, Design and Planning | BMS College of Architecture, Design and Planning | 2025-02-13 | 10 | 3666.60 | 301 | AR-PG725 | 2025-02-13 | 5238.00 | 2025-02-13 | PG Books | S-10 |